<?xml version="1.0" encoding="UTF-8"?>
<record
    xmlns:xsi="http://www.w3.org/2001/XMLSchema-instance"
    xsi:schemaLocation="http://www.loc.gov/MARC21/slim http://www.loc.gov/standards/marcxml/schema/MARC21slim.xsd"
    xmlns="http://www.loc.gov/MARC21/slim">

  <leader>02091nam a2200301 u 4500</leader>
  <controlfield tag="001">1427638</controlfield>
  <controlfield tag="005">20240129080854.0</controlfield>
  <controlfield tag="007">cr|||||||</controlfield>
  <controlfield tag="008">151121s2014                        spa  </controlfield>
  <datafield tag="035" ind1=" " ind2=" ">
    <subfield code="a">1427638</subfield>
  </datafield>
  <datafield tag="040" ind1=" " ind2=" ">
    <subfield code="c">comduadb</subfield>
  </datafield>
  <datafield tag="041" ind1=" " ind2=" ">
    <subfield code="a">spa</subfield>
  </datafield>
  <datafield tag="080" ind1=" " ind2=" ">
    <subfield code="a">PIN</subfield>
  </datafield>
  <datafield tag="100" ind1="1" ind2="0">
    <subfield code="a">Petro Sotelo, Naime</subfield>
    <subfield code="4">aut</subfield>
    <subfield code="e">aut</subfield>
    <subfield code="9">685853</subfield>
  </datafield>
  <datafield tag="245" ind1="1" ind2="0">
    <subfield code="a">Actualizaci&#xF3;n, monitoreo y evaluaci&#xF3;n de la matriz de riesgo del Grupo Malco Log&#xED;stica en Comercio Exterior 2013-2014</subfield>
  </datafield>
  <datafield tag="260" ind1=" " ind2=" ">
    <subfield code="a">Medell&#xED;n :</subfield>
    <subfield code="b">[sin publicador],</subfield>
    <subfield code="c">2014.</subfield>
  </datafield>
  <datafield tag="300" ind1=" " ind2=" ">
    <subfield code="a">29 p&#xE1;ginas</subfield>
  </datafield>
  <datafield tag="520" ind1="3" ind2=" ">
    <subfield code="a">La determinaci&#xF3;n de los nuevos riesgos del Grupo Malco, implica conocer todas las &#xE1;reas de la empresa, adem&#xE1;s como no se tienen registros de la falla, el an&#xE1;lisis se debe realizar de la mano de los expertos, que para este caso son los jefes de las &#xE1;reas del Grupo Malco, entonces por medio de esta informaci&#xF3;n se determinan las fallas en el sistema, cu&#xE1;les son las de mayor impacto econ&#xF3;mico y las que le pueden generar deterioro de su imagen, igualmente se deben determinar los riesgos con mayor severidad y ocurrencia, el &#xE1;rea de mayor riesgo para la compa&#xF1;&#xED;a y todo tipo de amenaza que impida el buen funcionamiento de la empresa. Dichas fallas es posible identificarlas, a trav&#xE9;s de un an&#xE1;lisis de confiabilidad, apoy&#xE1;ndose en herramientas como: el An&#xE1;lisis de Efectos de Fallas, &#xC1;rbol de Funci&#xF3;n, Paretos, y escalas de calor. Una vez obtenidos los resultados necesarios, se procede a implementar las medidas de tratamientos, monitoreo y prevenci&#xF3;n de los riesgos, con el fin de mitigarlos e implementar las pol&#xED;ticas necesarias para el manejo de los riesgos m&#xE1;s peligrosos del Grupo Malco.</subfield>
  </datafield>
  <datafield tag="650" ind1=" " ind2=" ">
    <subfield code="a">Diagrama de Pareto</subfield>
    <subfield code="9">79158</subfield>
  </datafield>
  <datafield tag="650" ind1=" " ind2=" ">
    <subfield code="a">Monitoreo</subfield>
    <subfield code="9">21594</subfield>
  </datafield>
  <datafield tag="650" ind1=" " ind2="7">
    <subfield code="a">Comercio exterior</subfield>
    <subfield code="2">lemb</subfield>
    <subfield code="9">68294</subfield>
  </datafield>
  <datafield tag="700" ind1="1" ind2="0">
    <subfield code="a">Pati&#xF1;o Rodr&#xED;guez, Carmen Elena</subfield>
    <subfield code="4">ths</subfield>
    <subfield code="e">ths</subfield>
    <subfield code="9">540444</subfield>
  </datafield>
  <datafield tag="700" ind1="1" ind2="0">
    <subfield code="a">Gaviria Giraldo, Mario Alberto</subfield>
    <subfield code="4">edt</subfield>
    <subfield code="e">edt</subfield>
    <subfield code="9">300364</subfield>
  </datafield>
  <datafield tag="856" ind1="4" ind2=" ">
    <subfield code="u">https://drive.google.com/file/d/0BwecnWVz7HZoTzhHYXhLNWFaTFk/view?usp=sharing</subfield>
  </datafield>
  <datafield tag="942" ind1=" " ind2=" ">
    <subfield code="c">TESIS</subfield>
    <subfield code="n">0</subfield>
  </datafield>
  <datafield tag="999" ind1=" " ind2=" ">
    <subfield code="c">725321</subfield>
    <subfield code="d">725321</subfield>
  </datafield>
  <datafield tag="502" ind1=" " ind2=" ">
    <subfield code="b">174</subfield>
    <subfield code="c">17</subfield>
  </datafield>
  <datafield tag="526" ind1=" " ind2=" ">
    <subfield code="a">176</subfield>
  </datafield>
</record>
